| 000 | 00810cam a2200265 a 4500 | ||
|---|---|---|---|
| 003 | MX-MxUPN | ||
| 005 | 20240523102006.0 | ||
| 008 | 190917s2012 sp a ar 000 j spa d | ||
| 020 | _a9788496646759 | ||
| 035 | _aUPN01000232882 | ||
| 040 |
_aMX-MxUPN _bspa |
||
| 041 | 1 |
_aspa _hswe |
|
| 050 | 4 |
_aPC4591 _bH46 2012 |
|
| 100 | 1 |
_aHenning, Annika, _d1981- _952026 |
|
| 245 | 1 | 3 | _aEl perrito Rund y los contrarios |
| 260 |
_aMadrid : _bLóguez, _c2012 |
||
| 300 |
_a[14] páginas : _bilustraciones a color |
||
| 500 | _aTítulo original: Hunden Rund Tvärtom. | ||
| 650 | 4 |
_924639 _aEspañol _xSinónimos y antónimos _vLiteratura infantil |
|
| 700 | 1 |
_952029 _aNillson, María _eilustración |
|
| 902 | _bVíctorGodínez/230524 | ||
| 905 | _aInfantil | ||
| 942 |
_2lcc _cLIBRO |
||
| 999 |
_c204977 _d204977 |
||